| 000 | 00448nam a2200145Ia 4500 | ||
|---|---|---|---|
| 999 |
_c6196 _d6196 |
||
| 008 | 201216s9999 xx 000 0 und d | ||
| 020 | _a9221017222 | ||
| 110 |
_94548 _aInternational Labour Office (ILO) |
||
| 245 | 0 | _aGrievance arbitration: a practical guide | |
| 260 |
_aGeneva _bInternational Labour Office _c1977 |
||
| 300 | _a71p. | ||
| 650 | 0 | _aLabor laws and Legislation | |
| 710 |
_94548 _aInternational Labour Office (ILO) |
||
| 942 |
_cBK _2ddc |
||